Tamasha/ (Record no. 145151)

000 -LEADER
fixed length control field 00371nam a22001577a 4500
020 ## - INTERNATIONAL STANDARD BOOK NUMBER
ISBN 9788190572057
082 ## - DEWEY DECIMAL CLASSIFICATION NUMBER
Classification number H1
Item number ANI/T
100 ## - MAIN ENTRY--AUTHOR NAME
Personal name Anirudha Sinha
245 ## - TITLE STATEMENT
Title Tamasha/
Statement of responsibility, etc by Anirudha Sinha
260 ## - PUBLICATION, DISTRIBUTION, ETC. (IMPRINT)
Place of publication Allahabad:
Name of publisher Asmita Prakashan,
Year of publication 2008.
300 ## - PHYSICAL DESCRIPTION
Number of Pages 120p.
650 ## - SUBJECT ADDED ENTRY--TOPICAL TERM
Topical Term Poetry Hindi
650 ## - SUBJECT ADDED ENTRY--TOPICAL TERM
Topical Term Literature Hindi
650 ## - SUBJECT ADDED ENTRY--TOPICAL TERM
Topical Term Literature
942 ## - ADDED ENTRY ELEMENTS (KOHA)
Koha item type Book
Holdings
Withdrawn status Lost status Damaged status Not for loan Permanent Location Current Location Shelving location Date acquired Cost, normal purchase price Full call number Accession Number Price effective from Koha item type
        Sree Sankaracharya University of Sanskrit Sree Sankaracharya University of Sanskrit Stacks 18.09.2020 200.00 H1 ANI/T 100488 18.09.2020 Book